Statistics for KOD (J. Cole Album)

Click here to take the quiz!

General Stats

  • This quiz has been taken 16 times
  • The average score is 9 of 12

Answer Stats

No.Song% Correct
2KOD
100%
5ATM
100%
7Kevin's Heart
91%
121985 (''Intro to The Fall Off'')
91%
1Intro
82%
6Motiv8
82%
11Window Pain (Outro)
82%
10FRIENDS
73%
3Photograph
64%
4The Cut Off
64%
8BRACKETS
64%
9Once An Addict (Interlude)
55%

Score Distribution

Percentile by Number Answered

Percent of People with Each Score

Your Score History

You have not taken this quiz